000
00307nam a22001457a 4500
008
210426b ||||| |||| 00| 0 eng d
020
_a
0841225036
041
_a
eng
080
_a
541
082
_a
541
100
_a
12
101
_a
KIM
245
_a
Physical Chemistry
_c
Schewnz,R.W
942
_2
udc
_c
BK
999
_c
56711
_d
56711